| Поле | Инд. | ПП | Название | Значение |
|---|---|---|---|---|
| Тип записи | a | |||
| Библиографический уровень | b | |||
| 001 | Контрольный номер | RU/IS/BASE/441368003 | ||
| 005 | Дата корректировки | 20200522191632.4 | ||
| 008 | Кодируемые данные | 20131226 | ||
| 040 | b | Код языка каталог. | rus | |
| e | Правила каталог. | PSBO | ||
| 041 | 0_ | a | Код языка текста | rus |
| 084 | a | Индекс другой классификации/Индекс ББК | 60.823.3; 74.484к2 | |
| 100 | 1_ | a | Автор | Кушель Е. |
| 245 | 10 | a | Заглавие | К проблеме повышения конкурентоспособности кадрового потенциала вуза |
| 504 | a | Библиография | Библиогр. | |
| 520 | 0_ | a | Аннотация | Определены основные направления оценки и анализа конкурентоспособности кадров вуза. Изложены рекомендации по формированию программ развития персонала учреждений высшей школы. |
| 650 | 14 | a | Основная рубрика | высшее образование |
| a | Основная рубрика | образование | ||
| a | Основная рубрика | профессиональное образование | ||
| a | Основная рубрика | социальное управление | ||
| a | Основная рубрика | управление персоналом (кадровый менеджмент) | ||
| a | Основная рубрика | управленческая деятельность | ||
| 653 | 1_ | a | Ключевые слова | высшие учебные заведения |
| a | Ключевые слова | интеллектуальный капитал | ||
| a | Ключевые слова | конкурентоспособность вуза | ||
| a | Ключевые слова | конкурентоспособность персонала | ||
| a | Ключевые слова | конкурентоспособность предприятия | ||
| a | Ключевые слова | менеджмент (управление предприятием) | ||
| a | Ключевые слова | профессиональные компетенции | ||
| a | Ключевые слова | развивающие программы | ||
| a | Ключевые слова | развитие персонала | ||
| a | Ключевые слова | развитие предприятия | ||
| a | Ключевые слова | Россия | ||
| a | Ключевые слова | стратегическое управление | ||
| a | Ключевые слова | университеты | ||
| a | Ключевые слова | управление вузом | ||
| a | Ключевые слова | федеральные университеты | ||
| a | Ключевые слова | финансирование вузов | ||
| a | Ключевые слова | человеческий капитал | ||
| 773 | 08 | t | Заглавие источника | РИСК: ресурсы, информация, снабжение, конкуренция |
| d | Дата издания источника | 2012 | ||
| g | Прочая информация | № 3. - С. 424 - 425 | ||
| w | Контрольный № источника | RU/IS/BASE/407439363 | ||
| 901 | t | Тип документа | b |